Epitome of CAG's reports on the government of Kerala (Record no. 484991)

000 -LEADER
fixed length control field 00447cam a22001217a 4500
008 - FIXED-LENGTH DATA ELEMENTS--GENERAL INFORMATION
fixed length control field 180718b-- xxu||||| |||| 00| 0 eng d
082 ## - DEWEY DECIMAL CLASSIFICATION NUMBER
Classification number L906x5453 E
245 ## - TITLE STATEMENT
Title Epitome of CAG's reports on the government of Kerala
Statement of responsibility, etc. by Accountant General (Audit), Kerala
260 ## - PUBLICATION, DISTRIBUTION, ETC.
Place of publication, distribution, etc. Thiruvananthapuram
Name of publisher, distributor, etc. Accountant General (Audit)
Date of publication, distribution, etc. --
500 ## - GENERAL NOTE
General note Library has 2000/01-2002/03
650 ## - SUBJECT ADDED ENTRY--TOPICAL TERM
Topical term or geographic name entry element Auditing - India - Kerala
700 ## - ADDED ENTRY--PERSONAL NAME
Personal name Kerala. Accountant General (Audit)
Holdings
Withdrawn status Lost status Damaged status Not for loan Permanent Location Current Location Date acquired Full call number Barcode Date last seen Price effective from Koha item type
        Indian Institute of Public Administration Indian Institute of Public Administration 2018-08-04 L906x5453 E GG27929 2018-08-04 2018-08-04 GG
        Indian Institute of Public Administration Indian Institute of Public Administration 2018-08-04 L906x5453 E GG27928 2018-08-04 2018-08-04 GG
        Indian Institute of Public Administration Indian Institute of Public Administration 2018-08-04 L906x5453 E GG27927 2018-08-04 2018-08-04 GG

Powered by Koha